Britannica : enciclopedia universal ilustrada (Registro nro. 207)

Detalles MARC
000 -Cabecera
Campo de control interno 01271nam a2200229Ia 4500
005 - Fecha y hora del registro
control field 20251210103832.0
008 - Elementos de Longitud Fija
fixed length control field 251203t2006||||xx |||||||||||||| ||spa||
020 ## - ISBN
ISBN 9568402799
041 ## - Idioma
Codigo Idioma ESP
082 ## - DEWEY y NOTACIÓN INTERNA
Dewey RE 036
Notación Interna B83
110 ## - AUTOR INSTTITUCIONAL
Autor Institucional Encyclopedia Británica
245 #0 - TÍTULO DE MATERIAL BIBLIOGRÁFICO
Título Britannica : enciclopedia universal ilustrada
Título paralelo Tomos 1-20
246 ## - TÍTULO TRADUCIDO
Título Britannica Concise Encyclopedia5
260 ## - CIUDAD, EDITORIAL, AÑO
Ciudad Santiago de Chile
Nombre de la Editorial Encyclopedia Britanica
Año 2006
300 ## - DESCRIPCIÓN
N° Páginas 137 páginas :
Otros detalles ilustraciones, retratos ;
Dimensiones 28 cm.
505 ## - TABLA DE CONTENIDO
Tabla de Contenido Contenido: Tomo 1: A priori. Antiguo testamento. Tomo 2: Antihistamínico. Barrault. Tomo 3: Barreminas. Brunel. Tomo 4: Brunelleschi. Chamberlain Men. Tomo 5: Chamberlen coro. Tomo 6: corona. Drummond. Tomo 7: Drupa. Fall. Tomo 8: Falla. Gigantismo. Tomo 9: Gijón. Hidrostática. Tomo 10: Hidroterapia. Jesuita. Tomo 11: Jesús. Lexington y Concord. Tomo 12: Ley. Mato Grosso. Tomo 13: Matriarcado. Músculo. Tomo 14: Museo. Óxido. Tomo 15: Oxígeno. Port Said. Tomo 16: Portaaviones. Rocío. Tomo 17: Rock. Siberia. Tomo 18: Siberiano. Templario. Tomo 19: Temple. Vasari. Tomo 20 Vasco. Zydeco
650 ## - TEMAS
Temas Generalidades
653 ## - DESCRIPTORES
Lenguajes no controlado Enciclopedias; Obras enciclopédicas generales
654 ## - PROGRAMAS
Programa Todos los programas
942 ## - ELEMENTOS DE KOHA
Tipo de documento Enciclopedia
Nombre del creador Justo Noguera
Código de catalogador Mirtha Ponce
Esquema de clasificación Dewey Decimal Classification
Existencias
Codigo completo Registro Colección Copia número Disponibilidad Tipo de préstamo Biblioteca Actual Procedencia (Biblioteca) Ubicacón Fecha Ingreso Tipo de Adquisición Date last seen Total checkouts Price effective from Tipo de Item Estado del Material Fuente de Clasificación Damaged status Withdrawn status
RE 036 B83 1085076 Colección Vera Bejar 1   Restringido Víctor Andrés Belaunde Víctor Andrés Belaunde Planta baja cerrada 03/10/2025 Donación 03/12/2025   03/12/2025 Enciclopedia Bueno Dewey Decimal Classification   Withdrawn